Lui e l'orso /
Shranjeno v:
| Glavni avtor: | |
|---|---|
| Format: | Knjiga |
| Jezik: | italijanščina |
| Izdano: |
Bologna :
Renbooks,
2016
|
| Oznake: |
Brez oznak, prvi označite!
|
MARC
| LEADER | 00000nam a22000007i 4500 | ||
|---|---|---|---|
| 001 | IT\ICCU\GMP\0017394 | ||
| 003 | ItRI | ||
| 005 | 20250709213957.0 | ||
| 008 | 210527s2016 it |||||| ||||| |||||c | ||
| 020 | |a 9788890918582 | ||
| 040 | |b ita |c Arcigay Queer VdA | ||
| 041 | 7 | |a ita |2 ISO-639-2 | |
| 100 | 1 | |a Callerami, Salvatore |0 IT\ICCU\TO1V\003186 | |
| 240 | 1 | 0 | |a Lui e l'orso |9 Callerami, Salvatore |
| 245 | 1 | 0 | |a Lui e l'orso / |c Salvatore Callerami. |
| 260 | |a Bologna : |b Renbooks, |c 2016 | ||
| 300 | |a 61 p. : |b fumetti ; |c 23 cm | ||
| 942 | |2 ddc |c BK | ||
| 952 | |0 0 |1 0 |2 ddc |4 0 |6 741_594500000000000_CAL_LUI |7 1 |9 3767 |a AO |b AO |d 2025-04-13 |l 0 |o 741.5945 CAL LUI |p 11015 |r 2025-04-13 14:44:16 |w 2025-04-13 |x Di proprietà di Giulio Gasperini |y BK | ||
| 952 | |0 0 |1 0 |2 ddc |4 0 |6 741_500000000000000_CAL_LUI |7 0 |9 5061 |a GE |b GE |d 2025-07-09 |l 1 |o 741.5 CAL LUI |p 2096 |r 2025-07-09 21:34:40 |s 2025-07-09 |w 2025-07-09 |y BK |z Donazione di Claudio Tosi | ||
| 981 | 1 | |6 z01 |a i |b xxxe | |
| 982 | 1 | |6 z01 |a n | |
| 999 | |c 2947 |d 2947 | ||